000 00619nam a22001817a 4500
005 20231113065952.0
008 231113b |||||||| |||| 00| 0 eng d
020 _a085164046 X
041 _aEnglish
082 _a345.6 GRE
100 _aGreaves, A and Pickover, D
_lEnglish
245 _aThe Police and Criminal Evidence Act 1984 :
_bA Guide for the Practitioner /
_cA Greaves and D Pickover
250 _aThird Edition
260 _aLondon :
_bPolice Review Publishing Company,
_c1991
300 _bxiii, 183 pages ;
_c19,5 cm.
650 _aLegal practice
_bLaw
942 _cBK
_6ALISON_BN_VRIES
999 _c540
_d540